000 01726nas a2200289 c 4500
999 _c291958
_d291958
003 BLK
005 20220310153233.0
008 180413b bul raner|||| |0| c1bulo|
010 _aPRD00003482000
022 _aC602-9833
040 _aBLK
041 _aBUL
_cBUL
080 _aСоциография. Социално положение. Условия на политическия и социалния живот. Социално и социално-икономическо положение на отделните страни, народи, раси. Социална география. (Общи въпроси)
_b308
_x(497.2)
_z308(497.2)
110 1 _aИзд. Параходство БРП, пристанищни комплекси Русе и Лом
_eРед. кол.: Йордан Палежев, Т. Савова
_9358365
245 1 0 _aДУНАВСКИ ВЕСТНИК
_cИзд. Параходство БРП, пристанищни комплекси Русе и Лом ; Ред. кол.: Йордан Палежев, Т. Савова
_fНачална год. на издаване: Год. 1, № 1(1951),
257 _aBGR
260 _bПараходство БРП, пристанищни комплекси Русе и Лом
_c1975
_fДФ Дунав-прес
300 _c42
310 _bабонамент за: 1993
_eсрок за съхранение: 99
380 _a3
500 _aзабележка:Продълж. на в. Речнофлотец, в. Устрем и в. Дунавски фар.
852 _aВ 331
852 _aК 0/Д 93
856 _qpdf
_u
856 _qpdf
_u
942 _cNSP
_n0
_s1
_02
944 _aCR
_cВася_Ганчева
_k15.01.2003
944 _aED
_k27.06.2014
999 _d291958
999 _d291958
999 _d291958